[Event "Dombai Open 2013"]
[Site "Dombai RUS"]
[Date "2013.10.21"]
[Round "4.2"]
[White "Lastin,A"]
[Black "Gabrielian,A"]
[Result "1/2-1/2"]
[WhiteElo "2516"]
[BlackElo "2541"]

1.d4 Nf6 2.c4 g6 3.Nc3 d5 4.cxd5 Nxd5 5.e4 Nxc3 6.bxc3 Bg7 7.Be3 c5 8.Rc1 Qa5
9.Qd2 O-O 10.Nf3 Nd7 11.Bd3 b5 12.O-O c4 13.Bb1 Bb7 14.d5 Nf6 15.Nd4 Rad8
16.Bh6 Qb6 17.Bxg7 Kxg7 18.Qg5 Kh8 19.Rfe1 b4 20.Nf3 bxc3 21.Rxc3 Ba6 22.h3 Qa5
23.Qe3 Rb8 24.Ra3 Qb6 25.Qh6 Ng8 26.Qd2 Bb5 27.Qc3+ Nf6 28.d6 Kg7 29.dxe7 Rfe8
30.Ne5 Rbc8 31.Ng4 Rxe7 32.Ra5 Re6 33.a4 Be8 34.Bc2 Rd8 35.Ne3 Qd4 36.Qxd4 Rxd4
37.Rxa7 Nxe4 38.Bxe4 Rdxe4 39.Rc1 c3 40.Rxc3 Rxa4 41.Rxa4  1/2-1/2

[Event "29th ECC Open 2013"]
[Site "Rhodes GRE"]
[Date "2013.10.21"]
[Round "2.3"]
[White "Kirk,Ez"]
[Black "Jeitz,C"]
[Result "1-0"]
[WhiteElo "2316"]
[BlackElo "2222"]

1.d4 Nf6 2.c4 g6 3.Nc3 d5 4.cxd5 Nxd5 5.e4 Nxc3 6.bxc3 Bg7 7.Be3 c5 8.Qd2 Qa5
9.Rb1 b6 10.Bb5+ Bd7 11.Be2 Bc6 12.Bd3 O-O 13.Ne2 c4 14.Bc2 e6 15.h4 Re8
16.e5 Nd7 17.Bh6 Bh8 18.h5 Qa3 19.hxg6 fxg6 20.Rb4 Qxa2 21.Nc1 Qa3 22.Rxc4 Rac8
23.Bb3 Qa5 24.O-O Bd5 25.Ra4 Qxc3 26.Qxc3 Rxc3 27.Bxd5 exd5 28.Rxa7 Nb8 29.Be3 Rc4
30.Rb7 Rb4 31.Nd3 Rb5 32.Rc1 Bg7 33.Rcc7 Bf8 34.Bg5 h6 35.Bf6 g5 36.Rh7 Rb1+
37.Kh2  1-0

[Event "29th ECC Open 2013"]
[Site "Rhodes GRE"]
[Date "2013.10.21"]
[Round "2.4"]
[White "Hammerstad,A"]
[Black "Ben Artzi,I"]
[Result "1/2-1/2"]
[WhiteElo "2275"]
[BlackElo "2370"]

1.d4 Nf6 2.c4 g6 3.Nc3 d5 4.cxd5 Nxd5 5.e4 Nxc3 6.bxc3 Bg7 7.Be3 c5 8.Nf3 Qa5
9.Nd2 Bd7 10.Nb3 Qxc3+ 11.Bd2 Qb2 12.Bc1 Qc3+ 13.Bd2 Qb2 14.Bc1 Qc3+ 15.Bd2  1/2-1/2

[Event "29th ECC Open 2013"]
[Site "Rhodes GRE"]
[Date "2013.10.22"]
[Round "3.4"]
[White "Raznikov,D"]
[Black "Jakovenko,D"]
[Result "0-1"]
[WhiteElo "2486"]
[BlackElo "2719"]

1.d4 Nf6 2.c4 g6 3.Nc3 d5 4.cxd5 Nxd5 5.e4 Nxc3 6.bxc3 Bg7 7.Qa4+ Qd7 8.Qb3 O-O
9.Be3 c5 10.d5 b5 11.Bxb5 Qg4 12.Be2 Qxe4 13.Bf3 Qd3 14.Ne2 Nd7 15.Rd1 Qa6
16.d6 Rb8 17.dxe7 Re8 18.Qc2 Rxe7 19.O-O Re8 20.Bg4 Nb6 21.Bxc8 Rbxc8 22.Nf4 Qc4
23.Rd3 Rb8 24.Rb1 Na4 25.Rb3 Rbd8 26.g3 Rxd3 27.Nxd3 Nxc3 28.Ra3 Rd8 29.Rxa7 h5
30.Ne1 Rd1  0-1

[Event "Guernsey Open 2013"]
[Site "Guernsey GCI"]
[Date "2013.10.25"]
[Round "6"]
[White "Maloberti,D"]
[Black "Norman,K"]
[Result "1-0"]
[WhiteElo "2059"]
[BlackElo "2185"]

1.d4 Nf6 2.c4 g6 3.Nc3 d5 4.cxd5 Nxd5 5.e4 Nxc3 6.bxc3 Bg7 7.Bc4 c5 8.Ne2 O-O
9.O-O Nc6 10.Be3 Bd7 11.Rb1 Rc8 12.f3 Na5 13.Bd5 cxd4 14.Bxd4 b6 15.Bxg7 Kxg7
16.Qd4+ Kg8 17.Rfd1 e6 18.Bb7 Nxb7 19.Qxd7 Qc7 20.Rd4 Nc5 21.Qb5 Qc6 22.Qc4 Rb8
23.Rbd1 Rfc8 24.f4 b5 25.Qb4 Qb6 26.Kh1 a5 27.Qb2 Qc7 28.Qd2 Kg7 29.Qe3 Na4
30.f5 exf5 31.exf5 Qb6 32.Qg3 Qf6 33.fxg6 hxg6 34.Rf4 Qc6 35.Rdf1 Rb7 36.R4f3 Qd5
37.Qf4 Rc6 38.Rh3 g5 39.Qg4 Rh6 40.Rxh6 Kxh6 41.Ng3 Rd7 42.Qh5+ Kg7 43.Nf5+  1-0

[Event "17th OIBM 2013"]
[Site "Bad Wiessee GER"]
[Date "2013.10.26"]
[Round "1.17"]
[White "Bluebaum,M"]
[Black "Dettweiler,C"]
[Result "1-0"]
[WhiteElo "2510"]
[BlackElo "2005"]

1.d4 Nf6 2.c4 g6 3.Nc3 d5 4.cxd5 Nxd5 5.e4 Nxc3 6.bxc3 Bg7 7.Bc4 O-O 8.Ne2 c5
9.O-O Nc6 10.Be3 Qc7 11.Rc1 Na5 12.Bd3 b6 13.Qd2 Rd8 14.Bh6 e6 15.Bxg7 Kxg7
16.Qg5 f6 17.Qe3 Bb7 18.h4 Rac8 19.h5 Qf7 20.Qg3 cxd4 21.cxd4 Nc6 22.hxg6 hxg6
23.Qe3 Qd7 24.Bb5 a6 25.Bxc6 Bxc6 26.Nf4 e5 27.dxe5 fxe5 28.Nh3 Bb5 29.Rfe1 Rxc1
30.Rxc1 Qd4 31.Qa3 Rd7 32.Ng5 Qd2 33.Nf3 Qe2 34.Re1 Qc2 35.Nxe5 Qd2 36.Nf3 Qd6
37.Qb2+ Kg8 38.e5  1-0

[Event "17th OIBM 2013"]
[Site "Bad Wiessee GER"]
[Date "2013.10.27"]
[Round "3.9"]
[White "Cordes,HJ"]
[Black "Danin,A"]
[Result "0-1"]
[WhiteElo "2267"]
[BlackElo "2589"]

1.d4 Nf6 2.c4 g6 3.Nc3 d5 4.cxd5 Nxd5 5.e4 Nxc3 6.bxc3 Bg7 7.Bg5 c5 8.Rc1 h6
9.Be3 Qa5 10.Qd2 cxd4 11.cxd4 Qxd2+ 12.Bxd2 O-O 13.Nf3 Rd8 14.d5 e6 15.Bc4 exd5
16.Bxd5 Nc6 17.h3 Bd7 18.O-O Rac8 19.Be3 b6 20.Rfd1 Be8 21.Bb3 Rxd1+ 22.Rxd1 Nb4
23.e5 Nc6 24.e6 Rd8 25.Rc1 fxe6 26.Bxe6+ Kh7 27.Rc4 Bf6 28.g4 Rd6 29.Bc8 Bf7
30.Rc2 Kg7 31.g5 hxg5 32.Nxg5 Bxg5 33.Bxg5 Nd4  0-1

[Event "14th Liberec Open"]
[Site "Liberec CZE"]
[Date "2013.10.28"]
[Round "4.7"]
[White "Selig,R"]
[Black "Pribyl,Jo"]
[Result "0-1"]
[WhiteElo "1999"]
[BlackElo "2313"]

1.d4 Nf6 2.c4 g6 3.Nc3 d5 4.cxd5 Nxd5 5.e4 Nxc3 6.bxc3 Bg7 7.Be3 O-O 8.Bc4 Qd7
9.f3 c5 10.Ne2 Nc6 11.O-O cxd4 12.cxd4 Rd8 13.Bd5 e6 14.Bxc6 Qxc6 15.Rc1 Qa6
16.Qd2 Bd7 17.Rfd1 Ba4 18.Re1 Bb5 19.Nc3 Bc4 20.a4 Rd7 21.Qf2 Rad8 22.Red1 Bb3
23.Rd2 Qc4 24.e5 f5 25.Rb2 f4 26.Bxf4 Rxd4 27.Be3 Bxe5  0-1

[Event "Pankrac Cup 2013"]
[Site "Prague CZE"]
[Date "2013.10.29"]
[Round "8"]
[White "Haba,Z"]
[Black "Postupa,P2"]
[Result "1-0"]
[WhiteElo "2244"]
[BlackElo "2260"]

1.d4 Nf6 2.c4 g6 3.Nc3 d5 4.cxd5 Nxd5 5.e4 Nxc3 6.bxc3 Bg7 7.Nf3 c5 8.Rb1 O-O
9.Be2 cxd4 10.cxd4 Qa5+ 11.Qd2 Qxd2+ 12.Bxd2 e6 13.Bc4 b6 14.d5 Ba6 15.Bxa6 Nxa6
16.dxe6 Nc5 17.Bb4 Nd3+ 18.Ke2 Nxb4 19.exf7+ Rxf7 20.Rxb4 Rc8 21.Rd1 Rc2+
22.Rd2 Rxd2+ 23.Kxd2 Rd7+ 24.Ke2 Rc7 25.Ne1 Rc1 26.Ra4 Bc3 27.Nd3 Rc2+ 28.Ke3 a5
29.e5 b5 30.Ra3 a4 31.f4 Kf7 32.g4 Ba5 33.h3 Bd8 34.Ne1 Rb2 35.Nf3 Bb6+ 36.Ke4 Rc2
37.f5 Bc5 38.Rd3 Rxa2 39.e6+ Ke8 40.f6 a3 41.Rc3 Re2+ 42.Kd5 a2 43.Rxc5 Kd8
44.Rc1 b4 45.Nd4 Re3 46.Nc6+ Ke8 47.Nxb4  1-0

[Event "13th Sautron Open 2013"]
[Site "Sautron FRA"]
[Date "2013.10.30"]
[Round "6.7"]
[White "Nguyen Chi Minh"]
[Black "Le Roux,JP"]
[Result "1/2-1/2"]
[WhiteElo "2389"]
[BlackElo "2571"]

1.d4 Nf6 2.c4 g6 3.Nc3 d5 4.cxd5 Nxd5 5.e4 Nxc3 6.bxc3 Bg7 7.Be3 c5 8.Rc1 Qa5
9.Qd2 cxd4 10.cxd4 Qxd2+ 11.Bxd2 O-O 12.Nf3 Bg4 13.Be3 Nc6 14.d5 Bxf3 15.gxf3 Nd4
16.Bh3 f5 17.Bxd4 Bxd4 18.exf5 gxf5 19.Rg1+ Kh8 20.Rg5 Rad8 21.Rxf5 Rxf5
22.Bxf5 Rxd5 23.Rc8+ Kg7 24.Rg8+ Kh6 25.Be4 Ra5 26.Rg3 Rh5 27.f4 Rxh2 28.Bg2 b6
29.Rg4 Rh5 30.Be4 Bf6 31.f5 Rh3 32.Bd5 Rh5 33.Be6 Rh2 34.Kf1 Kh5 35.Ra4 a5
36.Kg1 Rh4 37.Rxh4+ Kxh4 38.a4 Kg4 39.Bd7 Kh3 40.Kf1 h5 41.Bb5 Kg4 42.Bd7 h4
43.Kg2 h3+ 44.Kg1 Kh4 45.Kh1 Be5 46.Kg1 Kg5 47.Kh1 Kf6 48.Kg1 Bf4 49.Kh1 h2
50.Kg2 Ke5 51.Kh1 Ke4 52.Kg2 Bd6 53.f6 exf6 54.f3+ Ke3 55.Bc6 Be5 56.Bd7 Bc7
57.Bc6 Bf4 58.Bd7 Bc7 59.Bc6 f5 60.Bd7 Kf4 61.Kxh2 Kxf3+ 62.Kg1 f4 63.Kf1 Kg3
64.Bb5 f3  1/2-1/2

[Event "Chinese Zonal w 2013"]
[Site "Zhongshan CHN"]
[Date "2013.10.30"]
[Round "2.4"]
[White "Wang Xinyue"]
[Black "Lei Tingjie"]
[Result "0-1"]
[WhiteElo "2126"]
[BlackElo "2320"]

1.d4 Nf6 2.c4 g6 3.Nc3 d5 4.cxd5 Nxd5 5.e4 Nxc3 6.bxc3 Bg7 7.Be3 c5 8.Qd2 Qa5
9.Rc1 cxd4 10.cxd4 Qxd2+ 11.Bxd2 O-O 12.Nf3 Bg4 13.Be3 Nc6 14.d5 Nb4 15.Bd2 a5
16.a3 Na6 17.Bxa6 Rxa6 18.Rc7 e6 19.d6 Rxd6 20.Bxa5 Ra8 21.Bb4 Rc6 22.Rxc6 bxc6
23.Nd2 c5 24.Bxc5 Rc8 25.f3 Rxc5 26.Ke2 Bxf3+ 27.gxf3 Rc2 28.Rb1 Bh6 29.Rb8+ Kg7
30.Rd8 Bf4 31.h3 Ra2 32.Rd3 Kf6 33.Ke1 Kg5 34.Nc4 f5 35.Rd7 h5 36.e5 Kh4
37.Re7 Kg3 38.Rxe6 Rc2 39.Rc6 Kxf3 40.Na5 Re2+ 41.Kd1 Rd2+ 42.Ke1 Rd3  0-1

[Event "14th Liberec Open"]
[Site "Liberec CZE"]
[Date "2013.10.31"]
[Round "7.26"]
[White "Pribylova,Sofie"]
[Black "Mejzr,J"]
[Result "1/2-1/2"]
[WhiteElo "1487"]
[BlackElo "1843"]

1.d4 Nf6 2.c4 g6 3.Nc3 d5 4.cxd5 Nxd5 5.e4 Nxc3 6.bxc3 Bg7 7.Bc4 c5 8.Ne2 O-O
9.O-O Qc7 10.Qc2 cxd4 11.cxd4 Be6 12.Bb3 Qxc2 13.Bxc2 Bc4 14.Re1 Bxe2 15.Rxe2 Bxd4
16.Rb1 Bb6 17.Ba3 Na6 18.Bxe7 Rfe8 19.Ba3 Rac8 20.Ba4 Re5 21.Rd1 Bc5 22.Bb2 Re7
23.g3 Nb8 24.Bf6 Re6 25.Rd8+ Rxd8 26.Bxd8 Nc6 27.Bxc6 Rxc6 28.Kg2 Kf8 29.e5 Be7
30.Bxe7+ Kxe7 31.f4 h5 32.Rd2 b5 33.Kf3 Ke6 34.Rd8 Rc2 35.Rd6+ Ke7 36.Ra6 Rxh2
37.Rxa7+ Ke6 38.Ra6+ Ke7 39.a3 Rb2 40.Ra7+ Ke6 41.Ra6+ Ke7  1/2-1/2

[Event "Chinese Zonal w 2013"]
[Site "Zhongshan CHN"]
[Date "2013.11.01"]
[Round "4.3"]
[White "Wang Doudou"]
[Black "Ni,Shiqun"]
[Result "1/2-1/2"]
[WhiteElo "2226"]
[BlackElo "2207"]

1.d4 Nf6 2.c4 g6 3.Nc3 d5 4.cxd5 Nxd5 5.e4 Nxc3 6.bxc3 Bg7 7.Nf3 c5 8.Be3 Qa5
9.Qd2 O-O 10.Rc1 Rd8 11.d5 e6 12.Be2 exd5 13.exd5 b5 14.Bxc5 Bb7 15.c4 Qxd2+
16.Nxd2 bxc4 17.Bxc4 Bxd5 18.Bxd5  1/2-1/2

[Event "TCh-FIN SM 2013-14"]
[Site "Sastamala FIN"]
[Date "2013.11.02"]
[Round "5.2"]
[White "Volodin,Alek"]
[Black "Kolosowski,M"]
[Result "1/2-1/2"]
[WhiteElo "2481"]
[BlackElo "2423"]

1.d4 Nf6 2.c4 g6 3.Nc3 d5 4.cxd5 Nxd5 5.e4 Nxc3 6.bxc3 Bg7 7.Be3 c5 8.Nf3 Qa5
9.Bd2 O-O 10.Be2 Bg4 11.O-O Rd8 12.Rb1 cxd4 13.cxd4 Qxa2 14.Ra1 Qb2 15.Rb1 Qa2
16.d5 Nd7 17.Bg5 Nc5 18.Rb4 Bf6 19.Be3 a5 20.Rc4 b6 21.Rc2 Qa3 22.h3 Bxf3
23.Bxf3 a4 24.Qe2 Qb3 25.Rcc1 Bb2 26.Rb1 a3 27.e5 Na4 28.Bd4 Qb4 29.Bxb2 Nxb2
30.e6 Qd6 31.exf7+ Kxf7 32.Bg4 Qf6 33.Qb5 Na4 34.Qb3 Qc3 35.Qa2 Kg7 36.Rb3 Qf6
37.Rxa3 Qb2 38.Re1 Qxa2 39.Rxa2 Kf7 40.Ra3 Nc5 41.Rf3+ Ke8 42.Re5 Rd6 43.Rfe3 Ra7
44.Be2 Kf7 45.h4 Rf6 46.Bb5 Rc7 47.h5 Nb7 48.hxg6+ hxg6 49.Bd3 Nd6 50.Rh3 Kg7
51.Rg3 Nf7 52.Re4 Rd7 53.Rge3 Kf8 54.Re6 g5 55.Bc4 Rxe6 56.dxe6 Rd1+ 57.Kh2 Nd6
58.Bb3 Rd4 59.Re5 Rb4 60.Bc2 Rb5 61.Re3 Rb2 62.Rf3+ Kg7 63.Bd3 Rb4 64.g3 b5
65.Re3 Kf6 66.Kg2 Rd4 67.Bb1 Nc4 68.Rb3 Rd5 69.Ba2 Rd2 70.Bb1 Rb2 71.Rf3+ Kxe6
72.Bh7 Ne5 73.Bg8+ Kd6 74.Rf8 Rc2 75.Rd8+ Nd7 76.Bh7 Rd2 77.Kf1 b4 78.Ke1 Ra2
79.Bg8 Ra1+ 80.Kd2 Rf1 81.Ke2 Rc1 82.f4 Rc3 83.fxg5 Rxg3 84.Bf7 Kc7 85.Rg8 b3
86.Kd2 Ne5 87.Be6 Nf3+ 88.Kc3 Nxg5+ 89.Kb2 Re3 90.Bxb3 Ne4 91.Bc2 Nc5 92.Kc1 Re2
93.Kd1 Rh2 94.Bf5 Kd6 95.Bc2 Kd5 96.Rd8+ Kc4 97.Rd2 Rh1+ 98.Ke2 Kc3 99.Rd5 Ne6
100.Be4 Rh4 101.Rd3+ Kb4 102.Re3 Kc5 103.Bg2 Kd6 104.Kf2 Rf4+ 105.Rf3 Rb4
106.Ra3 Nf4 107.Bf3 Ke5 108.Ra5+ Kd4 109.Ra7 Nd3+ 110.Kg3 e5 111.Rd7+ Ke3
112.Bg4 Rb8 113.Ra7 Rg8 114.Ra3 e4 115.Ra5 Rg7 116.Ra3 Kd2 117.Ra2+ Kc3 118.Ra5 Kd2
119.Ra2+ Ke3 120.Ra5 Rg8 121.Ra3 Rf8 122.Bh5 Kd2 123.Ra2+ Kc3 124.Ra6 Rg8+
125.Rg6 Rh8 126.Rc6+ Kd2 127.Bg6 Rg8 128.Kh4 Ne5 129.Bxe4 Ke3 130.Bd5 Rd8
131.Rc5 Kf4 132.Kh3  1/2-1/2

[Event "TCh-CZE Extraliga 2013-14"]
[Site "Trinec CZE"]
[Date "2013.11.02"]
[Round "1.8"]
[White "Talla,V"]
[Black "Walek,M"]
[Result "1-0"]
[WhiteElo "2386"]
[BlackElo "2353"]

1.d4 Nf6 2.c4 g6 3.Nc3 d5 4.cxd5 Nxd5 5.e4 Nxc3 6.bxc3 Bg7 7.Bc4 c5 8.Ne2 O-O
9.O-O Nc6 10.Be3 Qc7 11.Rc1 Bg4 12.f3 Bd7 13.Qd2 Rfd8 14.Bh6 Bh8 15.Qe3 Na5
16.Bd3 Rac8 17.Nf4 Bc6 18.d5 Ba4 19.Ne2 b6 20.f4 Qd7 21.f5 Nc6 22.Ba6 Ne5
23.Bxc8 Qxc8 24.Bf4 Bb5 25.Bxe5 Bxe5 26.c4 Be8 27.Kh1 Kg7 28.Rf3 f6 29.Nf4 Bf7
30.Rh3 g5 31.Ne6+ Bxe6 32.fxe6 Kh8 33.Qe2 Rg8 34.Qh5 Rg7 35.Rb1 g4 36.Rh4 Qg8
37.g3 Bd6 38.Kg2 Rg6 39.Rf1 Qg7 40.Rf5 h6 41.Rf1 Kh7 42.Qf5 Kh8 43.Rh5 Kh7
44.Qf2 Qg8 45.e5 Bxe5 46.Rxe5 fxe5 47.Qf7+ Qg7 48.d6  1-0

[Event "Chinese Zonal w 2013"]
[Site "Zhongshan CHN"]
[Date "2013.11.05"]
[Round "8.4"]
[White "Li Xueyi"]
[Black "Ni,Shiqun"]
[Result "0-1"]
[WhiteElo "2134"]
[BlackElo "2207"]

1.d4 Nf6 2.c4 g6 3.Nc3 d5 4.cxd5 Nxd5 5.e4 Nxc3 6.bxc3 Bg7 7.Be3 c5 8.Rc1 Qa5
9.Qd2 O-O 10.d5 e6 11.d6 Rd8 12.Nf3 Nc6 13.Bh6 Qa4 14.Bd3 Rxd6 15.Bxg7 Kxg7
16.e5 Rd5 17.Qe3 b6 18.O-O Ba6 19.c4 Rd7 20.Be4 Rad8 21.h4 Nd4 22.h5 h6 23.Nxd4 Rxd4
24.Qf3 Qe8 25.Qf6+ Kh7 26.Bc6 Qg8 27.Qe7 Kh8 28.hxg6 Qxg6 29.Rfe1 Rg8 30.Rc3 Rg4
31.Rg3 Rxg3 32.fxg3 Bxc4 33.Re3 Qg5 34.Qxg5 Rxg5 35.Be8 Kg7 36.a3 b5 37.Kf2 a5
38.Re4 Kf8 39.Bd7 Ke7 40.Bc8 Rg8  0-1

[Event "Chinese Zonal w 2013"]
[Site "Zhongshan CHN"]
[Date "2013.11.05"]
[Round "8.10"]
[White "Wang Xinyue"]
[Black "Yao,Lan"]
[Result "1-0"]
[WhiteElo "2126"]
[BlackElo "1966"]

1.d4 Nf6 2.c4 g6 3.Nc3 d5 4.cxd5 Nxd5 5.e4 Nxc3 6.bxc3 Bg7 7.Be3 c5 8.Qd2 Qa5
9.Rc1 cxd4 10.cxd4 Qxd2+ 11.Bxd2 O-O 12.Be3 Nd7 13.Rc7 Nb6 14.Bb5 Rd8 15.Ne2 Bd7
16.Bxd7 Rxd7 17.Rxd7 Nxd7 18.Kd2 Rc8 19.Rb1 b6 20.f3 Kf8 21.h4 Nf6 22.Nc3 Ne8
23.h5 Nd6 24.Kd3 Nc4 25.Bc1 gxh5 26.Rb5 e5 27.d5 Ke7 28.Rb4 Nd6 29.Ba3 Kd7
30.Ra4 a5 31.Bxd6 Kxd6 32.Rc4 Rxc4 33.Kxc4 Bh6 34.Kb5 Be3 35.Na4 Kc7 36.Nb2 f6
37.Nc4 Bf2 38.a4 h4 39.d6+ Kd7 40.Nxb6+ Kxd6 41.Nc4+ Ke6 42.Nxa5 f5 43.Nc4 fxe4
44.fxe4 Kf6 45.a5 Ba7 46.a6 Kg5 47.Nxe5 Kf4 48.Nc6 Bf2 49.e5 Kg3 50.e6 Kxg2
51.e7 h3 52.e8=Q h2 53.Qe4+ Kg1 54.Qg4+ Kf1 55.Qh3+ Kg1 56.Ne5  1-0

[Event "Chinese Zonal w 2013"]
[Site "Zhongshan CHN"]
[Date "2013.11.07"]
[Round "10.10"]
[White "Wang Xinyue"]
[Black "Qiu,Mengjie"]
[Result "1-0"]
[WhiteElo "2126"]
[BlackElo "2123"]

1.d4 Nf6 2.c4 g6 3.Nc3 d5 4.cxd5 Nxd5 5.e4 Nxc3 6.bxc3 Bg7 7.Be3 c5 8.Qd2 Qa5
9.Nf3 Nc6 10.Rc1 cxd4 11.cxd4 Qxd2+ 12.Kxd2 O-O 13.d5 Rd8 14.Kc2 Na5 15.Bg5 f6
16.Bf4 e5 17.Bd2 b6 18.Bxa5 bxa5 19.Nd2 Bd7 20.Ba6 Rab8 21.Rb1 Bf8 22.Nc4 Bb4
23.a3 Bc5 24.f3 Ba4+ 25.Kd3 Bb6 26.Bb5 Bxb5 27.Rxb5 Bc7 28.Rhb1 a6 29.Rxb8 Rxb8
30.Rxb8+ Bxb8 31.Nxa5 Bd6 32.Nb7 Bxa3 33.d6 Kf7 34.d7 Be7 35.d8=Q Bxd8 36.Nxd8+ Ke7
37.Nb7 f5 38.Kc4 Ke6 39.Nc5+ Kf6 40.Nxa6 Kg5 41.Kd5 Kf4 42.Nc5 fxe4 43.fxe4 h5
44.Ne6+ Ke3 45.Kxe5 Kf2 46.Nf4  1-0

[Event "TCh-CZE Zapad 2013-14"]
[Site "Czech Rep CZE"]
[Date "2013.11.10"]
[Round "2.5"]
[White "Adamek,Z"]
[Black "Zezulkin,J"]
[Result "0-1"]
[WhiteElo "2227"]
[BlackElo "2432"]

1.d4 Nf6 2.c4 g6 3.Nc3 d5 4.cxd5 Nxd5 5.e4 Nxc3 6.bxc3 Bg7 7.Nf3 c5 8.Rb1 O-O
9.Be2 cxd4 10.cxd4 Qa5+ 11.Bd2 Qxa2 12.O-O a5 13.Bg5 a4 14.Bb5 Bd7 15.Bxd7 Nxd7
16.Rxb7 Qe6 17.d5 Qd6 18.e5 Nxe5 19.Bxe7 Qa6 20.Bxf8 Qxb7 21.Bxg7 Nxf3+ 22.Qxf3 Kxg7
23.h4 a3 24.Qc3+ Kg8 25.d6 a2 26.Ra1 Qd5 27.Qb2 Ra4 28.Qb8+ Kg7 29.Qb2+ f6
30.Qc2 Rg4 31.g3 Qd4 32.Qc7+ Kh6 33.Qc1+ g5 34.hxg5+ fxg5 35.Kf1 Qd5 36.Kg1 Rd4
37.Kh2 Rd2 38.Qc7 Rxf2+  0-1

[Event "TCh-SVK Ext 2013-14"]
[Site "Trencin SVK"]
[Date "2013.11.10"]
[Round "2.2"]
[White "Maslik,M"]
[Black "Vovk,Y"]
[Result "0-1"]
[WhiteElo "2363"]
[BlackElo "2588"]

1.d4 Nf6 2.c4 g6 3.Nc3 d5 4.cxd5 Nxd5 5.e4 Nxc3 6.bxc3 Bg7 7.Be3 c5 8.Qd2 cxd4
9.cxd4 Nc6 10.Nf3 Bg4 11.Bb5 Bxf3 12.gxf3 Qb6 13.Bxc6+ Qxc6 14.Rc1 Qd7 15.O-O O-O
16.Bf4 Qxd4 17.Qxd4 Bxd4 18.Rc7 e5 19.Bg5 b5 20.Bf6 b4 21.Rfc1 a5 22.R1c6 a4
23.Be7 Rfb8 24.Rf6 Ra7 25.Rxa7 Bxa7 26.Bd6 Rb5 27.Bxe5 Rxe5 28.Ra6 Bd4 29.Rxa4 Bc3  0-1

[Event "Chinese Teams 2013"]
[Site "Shijiazhuang CHN"]
[Date "2013.11.11"]
[Round "15.6"]
[White "Yang Kaiqi"]
[Black "Wang Yue"]
[Result "0-1"]
[WhiteElo "2334"]
[BlackElo "2725"]

1.d4 Nf6 2.c4 g6 3.Nc3 d5 4.cxd5 Nxd5 5.e4 Nxc3 6.bxc3 Bg7 7.Be3 c5 8.Qd2 cxd4
9.cxd4 Nc6 10.Bb5 O-O 11.Bxc6 bxc6 12.Rc1 Ba6 13.Ne2 Rc8 14.f3 f5 15.e5 c5
16.f4 cxd4 17.Rxc8 Qxc8 18.Nxd4 g5 19.Kf2 gxf4 20.Bxf4 Rd8 21.Qb4 Bb7 22.Rd1 Qc7
23.Rd2 Be4 24.Qb3+ Bd5 25.Qg3 Qb6 26.Be3 Be4 27.e6 f4 28.Qxf4 Rf8 29.Nf5 Qxe6
30.g4 Bxf5  0-1

[Event "23rd World Seniors 2013"]
[Site "Opatija CRO"]
[Date "2013.11.12"]
[Round "1.59"]
[White "Baumgarten,Werner"]
[Black "Wittmann,W"]
[Result "1/2-1/2"]
[WhiteElo "1943"]
[BlackElo "2224"]

1.d4 Nf6 2.c4 g6 3.Nc3 d5 4.cxd5 Nxd5 5.e4 Nxc3 6.bxc3 Bg7 7.Bc4 c5 8.Be3 O-O
9.Nf3 cxd4 10.cxd4 Nc6 11.O-O Na5 12.Bd3 b6 13.Rc1 Bb7 14.Qd2 Qd7 15.h3 Rfc8
16.Qb4 e6 17.Bb5 Qd8 18.Rfd1 a6 19.Bd3 b5 20.g3 Bf8 21.Qd2 Ba3 22.Rxc8 Rxc8
23.Bg5 Qb6 24.Kg2 Nc4 25.Bxc4 Rxc4 26.Bh6 Qc7 27.d5 exd5 28.exd5 Rc2 29.Qd3 Rxa2
30.Kf1 Qd7 31.Qe3 Bd6 32.g4 Ra3 33.Qe4 b4 34.Qd4 f6 35.Qxf6  1/2-1/2

[Event "76th ch-CRC 2013"]
[Site "San Jose CRC"]
[Date "2013.11.15"]
[Round "1.7"]
[White "Alfaro Rojas,A"]
[Black "Chinchilla,E"]
[Result "0-1"]
[WhiteElo "2270"]
[BlackElo "2191"]

1.d4 Nf6 2.c4 g6 3.Nc3 d5 4.cxd5 Nxd5 5.e4 Nxc3 6.bxc3 Bg7 7.Bc4 c5 8.Ne2 Nc6
9.Be3 O-O 10.O-O Qc7 11.Rc1 b6 12.Qd2 Bb7 13.f4 Na5 14.Bd3 e6 15.Ng3 f5 16.dxc5 bxc5
17.Qf2 c4 18.Bb1 Nc6 19.Bc5 Rfd8 20.Qe2 Na5 21.Bb4 Rac8 22.Rcd1 Kh8 23.exf5 exf5
24.Nxf5 gxf5 25.Bxf5 Rxd1 26.Rxd1 Rg8 27.Bd6 Qb6+ 28.Kf1 Bf6 29.Qh5 Bxg2+
30.Ke2 Qb7 31.Bb4 Bf3+ 32.Qxf3 Re8+ 33.Be4 Rxe4+ 34.Kf2 Bh4+  0-1

[Event "76th ch-CRC 2013"]
[Site "San Jose CRC"]
[Date "2013.11.17"]
[Round "3.4"]
[White "Gamboa Alvarado,L"]
[Black "Valdes,Le"]
[Result "0-1"]
[WhiteElo "1896"]
[BlackElo "2433"]

1.d4 Nf6 2.c4 g6 3.Nc3 d5 4.cxd5 Nxd5 5.e4 Nxc3 6.bxc3 Bg7 7.Bc4 c5 8.Ne2 O-O
9.O-O Nc6 10.Be3 Bg4 11.f3 Bd7 12.Rb1 a6 13.Bd3 Qc7 14.Qd2 Rfd8 15.f4 b5
16.f5 cxd4 17.cxd4 Qa5 18.Qxa5 Nxa5 19.fxg6 hxg6 20.Nf4 Nc6 21.e5 e6 22.Ne2 Ne7
23.Bg5 Re8 24.a4 Rab8 25.Nc3 Nd5 26.Ne4 bxa4 27.Rxb8 Rxb8 28.Bxa6 Rb4 29.Nd6 a3
30.Bc4 Nb6 31.Ba2 Rxd4 32.Nxf7 Bb5 33.Be3 Bxf1 34.Bxd4 Bc4 35.Bxb6 Bxa2 36.Ng5 Bxe5
37.Bc5 Bb2 38.Kf2 Bd5 39.Bxa3 Bxa3 40.g4 Bc5+ 41.Ke2 Bd6 42.h4 Be7  0-1

[Event "Chennai GM Open 2013"]
[Site "Chennai IND"]
[Date "2013.11.20"]
[Round "8.2"]
[White "Vishnu,P"]
[Black "Popov,Iv RUS"]
[Result "1-0"]
[WhiteElo "2505"]
[BlackElo "2652"]

1.d4 Nf6 2.c4 g6 3.Nc3 d5 4.cxd5 Nxd5 5.e4 Nxc3 6.bxc3 Bg7 7.Qa4+ Qd7 8.Qa3 b6
9.Nf3 Bb7 10.Bd3 O-O 11.O-O c5 12.Bg5 e6 13.Rad1 cxd4 14.cxd4 Nc6 15.Bb5 f6
16.Be3 a6 17.Ba4 Qe7 18.Qxe7 Nxe7 19.Bb3 Bxe4 20.Bxe6+ Kh8 21.d5 Rab8 22.Rfe1 g5
23.Bf4 Bxf3 24.Bxb8 Bxd1 25.Bd6 Nxd5 26.Bxf8 Bxf8 27.Bxd5 Bg4 28.Re8 Kg7
29.Ra8 a5 30.Ra7+ Kg6 31.Bg8  1-0

[Event "76th ch-CRC 2013"]
[Site "San Jose CRC"]
[Date "2013.11.20"]
[Round "7.2"]
[White "Gamboa Alvarado,L"]
[Black "Solano Cuya,Bryan"]
[Result "0-1"]
[WhiteElo "1896"]
[BlackElo "2061"]

1.d4 Nf6 2.c4 g6 3.Nc3 d5 4.cxd5 Nxd5 5.e4 Nxc3 6.bxc3 Bg7 7.Bc4 O-O 8.Ne2 c5
9.Be3 Nc6 10.O-O Bg4 11.f3 Na5 12.Bd3 cxd4 13.cxd4 Be6 14.Rc1 Bxa2 15.Qa4 Be6
16.Bf4 Bd7 17.Qa3 Nc6 18.Bg5 Re8 19.d5 Ne5 20.Kh1 Nxd3 21.Qxd3 a6 22.Nd4 Qb6
23.Be3 Qd6 24.f4 Rec8 25.Rb1 b5 26.f5 Rc4 27.fxg6 hxg6 28.Nf3 e6 29.Ng5 f6
30.e5 Qxe5 31.Qxg6 fxg5 32.Qf7+ Kh7 33.Qh5+ Bh6 34.Rf7+ Kg8 35.Qg6+ Bg7 36.Rxd7 Rh4
37.Qxe6+ Qxe6 38.dxe6 Re4 39.Bxg5 Rxe6 40.h4 Bf8 41.Rf1 a5 42.Rff7 a4 43.Bd2 b4
44.Ra7 Rxa7 45.Rxa7 a3 46.Ra8 Rb6 47.Bc1 Kf7 48.g4 b3 49.Bxa3 Bxa3 50.Rxa3 b2
51.Rf3+ Kg6 52.Rf1 b1=Q 53.Rxb1 Rxb1+ 54.Kg2 Rb3  0-1

[Event "10th Vasylyshyn Memorial GM"]
[Site "Lviv UKR"]
[Date "2013.11.22"]
[Round "4"]
[White "Golichenko,I"]
[Black "Vovk,Y"]
[Result "0-1"]
[WhiteElo "2451"]
[BlackElo "2588"]

1.d4 Nf6 2.c4 g6 3.Nc3 d5 4.cxd5 Nxd5 5.e4 Nxc3 6.bxc3 Bg7 7.Be3 c5 8.Qd2 cxd4
9.cxd4 Nc6 10.Rd1 Bg4 11.f3 Bd7 12.d5 Ne5 13.Bd4 O-O 14.Qb2 Qa5+ 15.Rd2 Rac8
16.f4 Ba4 17.Bxe5 f6 18.Bxf6 Bxf6 19.e5 Rc2 20.Qxc2 Bh4+ 21.g3 Bxc2 22.Bg2 Rxf4
23.Ne2 Rb4 24.Rxc2 Rc4+  0-1

[Event "TCh-SWE Elitserien 2013-14"]
[Site "Sweden SWE"]
[Date "2013.11.22"]
[Round "1.3"]
[White "Pettersson,Anders1"]
[Black "Eksmyr,J"]
[Result "1-0"]
[WhiteElo "2316"]
[BlackElo "2193"]

1.d4 Nf6 2.c4 g6 3.Nc3 d5 4.cxd5 Nxd5 5.e4 Nxc3 6.bxc3 Bg7 7.Bc4 O-O 8.Ne2 Nc6
9.O-O b6 10.Be3 Bb7 11.Qd2 Na5 12.Bd3 c5 13.Rac1 Qd7 14.Rfd1 Rfd8 15.f3 Rac8
16.d5 c4 17.Bc2 Qe8 18.Nd4 e5 19.Ne2 Ba6 20.Rb1 Nb7 21.Qc1 Bf8 22.Ng3 Rc7
23.Nf1 Nc5 24.Bf2 Nd3 25.Bxd3 cxd3 26.Ne3 Bh6 27.Qa3 Bxe3 28.Bxe3 Bc4 29.Bg5 Qf8
30.Qxf8+ Rxf8 31.Bf6 Re8 32.Rb4 b5 33.a4 a5 34.Rxb5 Bxb5 35.axb5 Rb7 36.d6 Re6
37.Rxd3 Rxf6 38.d7 Rxd7 39.Rxd7 Rb6 40.c4 Rb8 41.Ra7 Rc8 42.b6  1-0

[Event "76th ch-CRC 2013"]
[Site "San Jose CRC"]
[Date "2013.11.23"]
[Round "9.3"]
[White "Alfaro Rojas,A"]
[Black "Solano Cuya,Bryan"]
[Result "1/2-1/2"]
[WhiteElo "2270"]
[BlackElo "2061"]

1.d4 Nf6 2.c4 g6 3.Nc3 d5 4.cxd5 Nxd5 5.e4 Nxc3 6.bxc3 Bg7 7.Nf3 O-O 8.Be3 c5
9.Rc1 Nc6 10.d5 Ne5 11.Nxe5 Bxe5 12.Bxc5 Bf4 13.Rb1 Qc7 14.Bd4 e5 15.Be3 Bxe3
16.fxe3 f5 17.Be2 fxe4 18.Qb3 Kh8 19.Kd2 Rd8 20.c4 b6 21.h4 Ba6 22.h5 g5
23.Rbc1 Rac8 24.a4 Qc5 25.Rc2 Qa5+ 26.Kc1 Qc5 27.Kb2 Rf8 28.Bg4 Rc7 29.Qc3 Qd6
30.Qa3 Qf6 31.d6 Rxc4 32.Rhc1 Rxc2+ 33.Rxc2 Bd3 34.Rc1 Qf2+ 35.Ka1 Qxe3 36.Qb2 Qf4
37.d7 e3 38.Rc8 Qxa4+ 39.Qa2 Qd4+  1/2-1/2

[Event "76th ch-CRC 2013"]
[Site "San Jose CRC"]
[Date "2013.11.24"]
[Round "10.5"]
[White "Solano Cuya,Bryan"]
[Black "Chinchilla,E"]
[Result "1-0"]
[WhiteElo "2061"]
[BlackElo "2191"]

1.d4 Nf6 2.c4 g6 3.Nc3 d5 4.cxd5 Nxd5 5.e4 Nxc3 6.bxc3 Bg7 7.Bg5 c5 8.Rc1 cxd4
9.cxd4 Nc6 10.d5 Nd4 11.Nf3 Nxf3+ 12.gxf3 O-O 13.Bc4 Qd6 14.h4 h6 15.Be3 f5
16.Qd2 Kh7 17.Bf4 Qa3 18.Qe3 Qxe3+ 19.Bxe3 fxe4 20.fxe4 Bg4 21.Be2 Bxe2 22.Kxe2 Rfc8
23.Kd3 Bb2 24.Rxc8 Rxc8 25.Rb1 Bf6 26.Rxb7 Kg8 27.Rxa7 h5 28.a4 Bxh4 29.e5 Rf8
30.Ke2 Rf5 31.Ra8+ Kh7 32.a5 Rxe5 33.a6 Bg5 34.a7 Bxe3 35.Rh8+ Kxh8 36.a8=Q+  1-0